000 00819nam a22002177a 4500
999 _c19443
_d19443
005 20251125232915.0
008 s2546 th tha d
020 _a9749137701
040 _aNALT
041 _atha
245 1 0 _aนิติรัฐกับประชาสังคม
260 3 _aกรุงเทพฯ :
_bสถาบันนโยบายศึกษา,
_c2546
300 _a243 หน้า ;
_b 21 ซม.
650 0 4 _aกฎหมายมหาชน -- บทสัมภาษณ์
650 0 4 _aนักกฎหมาย -- สัมภาษณ์
850 _aNALT
856 4 0 _uhttps://hdl.handle.net/20.500.14156/302711
_71
942 _cLB
_2lcc
_01
998 _j25
_k นีลวัสน์ อินทรักษา
090 _aKE15 น588 2546